| 000 | 00654nam a2200229Ia 4500 | ||
|---|---|---|---|
| 003 | BUBTL | ||
| 008 | 151213s9999 xx 000 0 und d | ||
| 020 | _a0-256-14054-5 | ||
| 082 |
_a650 _bNIB |
||
| 100 | _aWilliam G. Nickels & Others | ||
| 245 |
_aUnderstanding Business _cWilliam G. Nickels & Others |
||
| 250 | _a4th | ||
| 260 |
_aBoston _bMcGraw hill _c1997 |
||
| 300 |
_a[xxxii] , 694p . : _bill , Graph ;29cm . _cBusiness . |
||
| 500 | _aIncludes Index . | ||
| 650 | 0 |
_aBusiness _961 |
|
| 650 | _aManagement | ||
| 700 | _aWilliam G. Nickels & Others | ||
| 856 |
_k0 _l0 _yDownload |
||
| 942 |
_2ddc _cBK |
||
| 999 |
_c1147 _d1147 |
||